| 000 | 00358nam a2200145Ia 4500 | ||
|---|---|---|---|
| 008 | 230312s9999||||xx |||||||||||||| ||und|| | ||
| 082 |
_a658 _bAKH |
||
| 100 | _aAkhtar Nadeem | ||
| 245 | 0 | _aManagement | |
| 260 |
_bAccountancy & Professional Studies _aPakistan |
||
| 300 | _a268 | ||
| 546 | _aEng. | ||
| 650 |
_aManagement _vstudy guide MCQ series |
||
| 942 | _cBK | ||
| 999 |
_c954 _d954 |
||